| 000 | 02823 am a2200817 a 4500 | ||
|---|---|---|---|
| 005 | 20240619102601.0 | ||
| 008 | 100707s2005||||sp a f |||| 001 0 spa d | ||
| 020 | _a8481748331 | ||
| 041 | _aspa | ||
| 092 |
_c618 _l17 _sDRI |
||
| 100 | 1 |
_aDrife, James. _91034 |
|
| 245 |
_aGinecología y Obstetricia. _bClínicas / _cJames Drife |
||
| 250 | _a1a ed. en español de la 1a ed. de la obra original en inglés | ||
| 260 |
_aMadrid: _bElsevier ; Saunders; _c2005. |
||
| 300 | _a503 p. | ||
| 500 | _aDrife, J. y Magowan, B. (2005). Ginecología y Obstetricia. Clínicas. (1a ed.). Madrid : Elsevier ; Saunders. | ||
| 653 | _aSalud de la mujer en el siglo XXI | ||
| 653 | _aEtica médica | ||
| 653 | _aGenética clínica y biología molecular | ||
| 653 | _aEmbriogénesis humana | ||
| 653 | _aAnatomía pélvica en la clínica | ||
| 653 | _aAnamnesis y exploración | ||
| 653 | _aGinecología pediátrica | ||
| 653 | _aEstados de intesexualidad | ||
| 653 | _aCiclo menstrual normal | ||
| 653 | _aAmenorrea | ||
| 653 | _aInfertilidad | ||
| 653 | _aAnticoncepción y esterilización | ||
| 653 | _aAborto espontáneo y embarazo ectópico | ||
| 653 | _aAborto terapéutico | ||
| 653 | _aProblemas sexuales | ||
| 653 | _aInfecciones genitales femeninas | ||
| 653 | _aMenorragia y dismenorrea | ||
| 653 | _aDolor pélvico | ||
| 653 | _aEndometriosis | ||
| 653 | _aSíndrome premenstrual | ||
| 653 | _aMenopausia y tratamiento hormonal sustitutivo | ||
| 653 | _aProlapso genital | ||
| 653 | _aIncontinencia urinaria | ||
| 653 | _aNeoplasias ováricas | ||
| 653 | _aCáncer de útero | ||
| 653 | _aTrastornos vulvares | ||
| 653 | _aNeoplasia intraepitelial y cáncer cervical | ||
| 653 | _aTrastornos trofoblásticos | ||
| 653 | _aFisiología del embarazo | ||
| 653 | _aMortalidad materna | ||
| 653 | _aAsistencia prenatal | ||
| 653 | _aAsistencia posnatal | ||
| 653 | _aTrastornos médicos en el embarazo | ||
| 653 | _aDiagnóstico prenatal | ||
| 653 | _aHemorragia obstétrica | ||
| 653 | _aBajo peso para la edad gestacional y retraso del crecimiento fetal | ||
| 653 | _aHipertensión inducida por el embarazo | ||
| 653 | _aPrematuridad | ||
| 653 | _aEmbarazo múltiple | ||
| 653 | _aEnfermedad hemolítica fetal | ||
| 653 | _aParto | ||
| 653 | _aMonitorización del feto durante el parto | ||
| 653 | _aInducción al parto | ||
| 653 | _aAlivio del dolor en el parto | ||
| 653 | _aParto precipitado y parto lento | ||
| 653 | _aAlteraciones de la presentación y la posición | ||
| 653 | _aUrgencias obstétricas | ||
| 653 | _aParto instrumental y quirúrgico | ||
| 653 | _aMortinatos y muerte neonatal | ||
| 653 | _aAsistencia neonatal | ||
| 700 | 1 |
_aMagowan, Brian. _91035 |
|
| 930 | _a1209 | ||
| 930 | _a1276 | ||
| 942 |
_2ddc _cBK |
||
| 999 |
_c497 _d497 |
||